[Event "PCA/Intel-GP"]
[Site "Paris"]
[Date "1995.??.??"]
[Round "1"]
[White "Kasparov, Gary"]
[Black "Morozevich, Alexander"]
[Result "1-0"]
[WhiteElo "2795"]
[BlackElo "2630"]

1.Nf3 Nc6 2.e4 e5 3.Bc4 Nf6 4.d3 Be7 5.O-O O-O 6.Re1 d6 7.c3 h6 8.h3 Re8
9.Nbd2 Bf8 10.Nf1 g6 11.Ne3 Bg7 12.b4 Ne7 13.Bb3 c6 14.Bb2 a5 15.a3 Nh5 16.d4 Nf4
17.c4 Qc7 18.Qc2 Be6 19.dxe5 dxe5 20.c5 axb4 21.axb4 Rxa1 22.Bxa1 Rd8 23.Bxe6 Nxe6
24.Nc4 Nd4 25.Bxd4 exd4 26.Nd6 Rxd6 27.cxd6 Qxd6 28.Qc5 Qd8 29.Rd1 b6 30.Qc4 Qd6
31.Ne1 Qe5 32.Qc2 g5 33.Nd3 Qe6 34.Rc1 h5 35.Qe2 Ng6 36.Qxh5 Qxe4 37.Qf3 Qxf3
38.gxf3 Ne5 39.Nxe5 Bxe5 40.Rxc6 d3 41.Kf1 d2 42.Ke2 Bd4 43.Rd6 d1=Q+ 44.Kxd1 Bxf2
45.Ke2 Bg1 46.Rd5 f6 47.Rd7  1-0

[Event "Yalta super"]
[Site "Yalta"]
[Date "1995.??.??"]
[Round "1"]
[White "Morozevich, Alexander"]
[Black "Khalifman, Alexander"]
[Result "1/2-1/2"]
[WhiteElo "2605"]
[BlackElo "2635"]

1.e4 c5 2.Nc3 Nc6 3.Nf3 g6 4.Bb5 Bg7 5.O-O Nd4 6.Nxd4 cxd4 7.Ne2 Qb6 8.a4 Nf6
9.Bd3 O-O 10.a5 Qc5 11.c3 dxc3 12.dxc3 d5 13.e5 Ng4 14.b4 Qc7 15.f4 f6 16.h3 Nh6
17.exf6 exf6 18.Be3 Re8 19.Qd2 Bf5 20.Bb5 Red8 21.Nd4 Bd7 22.Bd3 f5 23.Rac1 Kh8
24.Nf3 Be6 25.Rfe1 Bg8 26.Bd4 Nf7 27.Bxg7+ Kxg7 28.Bb5 Nd6 29.Qd4+ Kf8 30.Ba4 Ne4
31.Ne5 Be6 32.Re3 Kg8 33.h4 Qg7 34.Rf1 h5 35.Rff3 Kh7 36.Bc2 Qf6 37.Rh3 Bg8
38.Bxe4 dxe4 39.Qc5 Rd5 40.Qc7+ Qg7 41.Qxg7+ Kxg7 42.c4 Rd1+ 43.Kf2 Rad8
44.Re1 R8d2+ 45.Re2 Rxe2+ 46.Kxe2 Rb1 47.b5 Rb2+ 48.Ke1 Rxg2 49.a6 bxa6 50.Ra3 axb5
51.Rxa7+ Kh6 52.cxb5 Rb2 53.Rb7 e3 54.b6 Be6  1/2-1/2

[Event "Yalta rapid"]
[Site "Yalta"]
[Date "1995.??.??"]
[Round "4"]
[White "Onischuk, Alexander"]
[Black "Morozevich, Alexander"]
[Result "0-1"]
[WhiteElo "2590"]
[BlackElo "2605"]

1.Nf3 Nf6 2.c4 e6 3.Nc3 b6 4.e3 Bb7 5.d4 a6 6.Qc2 d5 7.b3 Bd6 8.Bb2 O-O 9.Bd3 Nbd7
10.cxd5 exd5 11.O-O Qe7 12.Ne2 Rfe8 13.Ng3 g6 14.Rac1 Ne4 15.Bxe4 dxe4 16.Ne5 Nf6
17.Rfd1 Rad8 18.Nc6 Bxc6 19.Qxc6 Bxg3 20.hxg3 Nd5 21.Qc4 a5 22.Qe2 h5 23.Rc4 Kg7
24.Rdc1 Rh8 25.f4 h4 26.g4 h3 27.g3 h2+ 28.Kg2 Qd7 29.Re1 Rh7 30.Bc1 Nf6
31.d5 Nxg4 32.Bb2+ Kg8 33.Bd4 Rh5 34.Rec1 Nh6 35.Kh1 Qh3 36.Qg2 Qg4 37.Rxc7 Nf5
38.Rc8 Nxg3+ 39.Qxg3 Rxc8 40.Rxc8+ Qxc8 41.Qe1 Qg4 42.Qf1 Rh3  0-1

[Event "Yalta rapid"]
[Site "Yalta"]
[Date "1995.??.??"]
[Round "5"]
[White "Morozevich, Alexander"]
[Black "Kortschnoj, Viktor"]
[Result "0-1"]
[WhiteElo "2605"]
[BlackElo "2635"]

1.e4 e6 2.d3 d5 3.Nd2 Nf6 4.Ngf3 Nc6 5.c3 a5 6.Be2 Be7 7.O-O O-O 8.Re1 e5
9.Bf1 dxe4 10.dxe4 Be6 11.Qc2 Nd7 12.Nc4 a4 13.Rd1 f6 14.Ne3 Qe8 15.Nd5 Bd6
16.Be3 Ra5 17.b4 axb3 18.axb3 Rxa1 19.Rxa1 Kh8 20.Rd1 Ne7 21.c4 Nxd5 22.cxd5 Bg4
23.Be2 f5 24.h3 Bxf3 25.Bxf3 f4 26.Bd2 h5 27.Rf1 g5 28.g4 fxg3 29.fxg3 Qg6
30.g4 Nf6 31.Qc4 hxg4 32.hxg4 Kg7 33.b4 Qh6 34.Qe2 Rh8 35.Qg2 Ng8 36.Qg3 Ne7
37.Bg2 Ng6 38.Rf5 Nf4 39.Bf3 Ra8 40.Bxf4 gxf4 41.Qe1 Bxb4 42.Qc1 Bc5+ 43.Kf1 Qh3+
44.Ke1 Qg3+  0-1

[Event "Yalta rapid"]
[Site "Yalta"]
[Date "1995.??.??"]
[Round "7"]
[White "Morozevich, Alexander"]
[Black "Dreev, Alexey"]
[Result "0-1"]
[WhiteElo "2605"]
[BlackElo "2650"]

1.e4 e6 2.d3 d5 3.Nd2 Nf6 4.Ngf3 b6 5.g3 dxe4 6.dxe4 Bc5 7.Bb5+ Bd7 8.Bd3 Nc6
9.c3 e5 10.b4 Bd6 11.O-O O-O 12.Qc2 Bg4 13.Be2 a5 14.b5 Nb8 15.Nc4 Nbd7 16.Rd1 Qe7
17.Nh4 Be6 18.Nf5 Bxf5 19.exf5 h6 20.Nxd6 cxd6 21.c4 Nc5 22.Be3 Rac8 23.Rac1 Rfd8
24.Qb1 Qb7 25.h4 Qe7 26.Rc2 Qd7 27.g4 h5 28.g5 Nfe4 29.Bxc5 Rxc5 30.Bxh5 Qxf5
31.Re2 Rxc4 32.Rde1 d5 33.f3 Qh7 34.Bg4 Qxh4 35.Rg2 Nxg5 36.Rxe5 Rxg4  0-1

[Event "Donner mem"]
[Site "Amsterdam"]
[Date "1996.??.??"]
[Round "2"]
[White "Sokolov, Ivan"]
[Black "Morozevich, Alexander"]
[Result "1/2-1/2"]
[WhiteElo "2670"]
[BlackElo "2610"]

1.d4 c5 2.d5 e5 3.e4 d6 4.Nc3 a6 5.a4 g6 6.Be2 h5 7.Nf3 Bh6 8.O-O Bxc1 9.Qxc1 Bg4
10.Ng5 Bxe2 11.Nxe2 Qe7 12.Rb1 Nd7 13.h3 h4 14.f4 Rh5 15.Nf3 Ngf6 16.Nc3 Kf8
17.Qe3 Kg8 18.f5 gxf5 19.exf5 Kh8 20.a5 Rg8 21.b4 Qf8 22.b5 Rg3 23.Ne2 Rg7
24.bxa6 bxa6 25.c4 Qg8 26.Rf2 Qd8 27.Nd2 Qxa5 28.Nc3 Qa3 29.Rb3 Qc1+ 30.Nf1 Qxe3
31.Nxe3 Rhg5 32.Ra2 e4 33.Rxa6 Rg3 34.Kf2 Ne5 35.Ncd1 Nxc4 36.Rb8+ Kh7 37.Nxc4 Rxg2+
38.Ke1 Rh2 39.Nce3 Rg1+ 40.Nf1 Nxd5 41.Raa8 Nf4 42.Ne3 Re2+ 43.Kd1 Rh1 44.Rh8+ Kg7
45.Rag8+ Kf6 46.Rh6+ Ke7 47.Rxh4 Rf2 48.Rgg4 Rhxf1+ 49.Nxf1 Rxf1+ 50.Kd2 e3+
51.Kxe3 Nd5+ 52.Kd2 Rxf5 53.Re4+ Kd7 54.Rh8 Rf2+ 55.Re2 Rf3 56.h4 c4 57.Rb8 Kc7
58.Rf8 c3+ 59.Kc2 Nb4+ 60.Kb3 c2+ 61.Kxb4 c1=Q 62.Re7+ Kb6 63.Rb8+  1/2-1/2

[Event "Donner mem"]
[Site "Amsterdam"]
[Date "1996.??.??"]
[Round "3"]
[White "Morozevich, Alexander"]
[Black "Timman, Jan H"]
[Result "0-1"]
[WhiteElo "2610"]
[BlackElo "2590"]

1.e4 e5 2.Nf3 Nc6 3.Bc4 Nf6 4.Ng5 d5 5.exd5 Nd4 6.c3 b5 7.Bd3 Bf5 8.Bxf5 Nxf5
9.Qf3 Nh4 10.Qh3 Ng6 11.d4 Qxd5 12.O-O Bd6 13.dxe5 Nxe5 14.Nd2 Nd3 15.Nb3 c5
16.Qe3+ Kf8 17.Qf3 Re8 18.Qxd5 Nxd5 19.Nf3 f6 20.g3 Nb6 21.Rd1 c4 22.Nbd4 a6
23.b3 Kf7 24.Kf1 Bc5 25.bxc4 bxc4 26.Bd2 Rb8 27.Rab1 Rhc8 28.Bf4 Nxf4 29.gxf4 Na4
30.Rxb8 Rxb8 31.Ne2 Rb2 32.Rd2 Ke6 33.Kg2 Rxd2 34.Nxd2 Kd5 35.Kf3 f5 36.Nf1 Nb2
37.Neg3 g6 38.Ne3+ Kc6 39.Ngf1 Kb5 40.Nd2 a5 41.Ke2 Nd3 42.Ndxc4 Nxf4+ 43.Kd2 Nh3
44.Ne5 Nxf2 45.c4+ Ka4 46.Nc2 Ne4+ 47.Kc1 Ba3+ 48.Nxa3 Kxa3 49.Nd3 Kxa2 50.Kc2 Ka3
51.c5 Ka4 52.c6 Kb5 53.c7 Nd6 54.Ne5 Kb6 55.Nd7+ Kxc7 56.Nf8 Ne4 57.Nxh7 Kd6
58.Nf8 g5 59.Ng6 Ke6  0-1

[Event "Donner mem"]
[Site "Amsterdam"]
[Date "1996.??.??"]
[Round "7"]
[White "Morozevich, Alexander"]
[Black "De Firmian, Nick E"]
[Result "0-1"]
[WhiteElo "2610"]
[BlackElo "2575"]

1.e4 c5 2.Nf3 d6 3.d4 Nf6 4.Nc3 cxd4 5.Nxd4 a6 6.Bc4 e6 7.Bb3 Nc6 8.Be3 Be7
9.f4 O-O 10.Qf3 Nxd4 11.Bxd4 b5 12.Bxf6 Bxf6 13.e5 Bh4+ 14.g3 Rb8 15.O-O-O Be7
16.Rhe1 d5 17.f5 Kh8 18.h4 a5 19.f6 gxf6 20.exf6 Bxf6 21.Nxd5 exd5 22.Rxd5 Qb6
23.c3 Bg7 24.Bc2 f5 25.Qd3 b4 26.Rd6 Qc7 27.c4 Rb6 28.Rd5 Rg6 29.c5 Rxg3
30.Qb5 Qf4+ 31.Kb1 Qxh4 32.Qxa5 Ra3 33.bxa3  0-1

[Event "Donner mem"]
[Site "Amsterdam"]
[Date "1996.??.??"]
[Round "8"]
[White "Van Wely, Loek"]
[Black "Morozevich, Alexander"]
[Result "0-1"]
[WhiteElo "2605"]
[BlackElo "2610"]

1.d4 Nf6 2.c4 e6 3.Nc3 Bb4 4.g3 c5 5.Nf3 Nc6 6.d5 Na5 7.Nd2 b6 8.Qc2 O-O
9.Bg2 Bxc3 10.Qxc3 exd5 11.cxd5 Re8 12.b3 Ba6 13.Bf3 d6 14.Bb2 Re7 15.a4 Qf8
16.Nc4 Ne4 17.Qc2 Rae8 18.e3 f5 19.O-O Qf7 20.Rad1 Qg6 21.Rfe1 Nxc4 22.bxc4 f4
23.Kg2 Bc8 24.Qe2 Ng5 25.Bh5 f3+ 26.Bxf3 Nxf3 27.Qxf3 Bg4 28.Qf4 Re4  0-1

[Event "Donner mem"]
[Site "Amsterdam"]
[Date "1996.??.??"]
[Round "9"]
[White "Morozevich, Alexander"]
[Black "Salov, Valery"]
[Result "1/2-1/2"]
[WhiteElo "2610"]
[BlackElo "2675"]

1.e4 c5 2.Nf3 e6 3.d3 Nc6 4.g3 d5 5.Qe2 Nge7 6.h4 dxe4 7.dxe4 Nd4 8.Nxd4 cxd4
9.Bg2 e5 10.O-O Nc6 11.Nd2 Be7 12.a3 O-O 13.Nf3 Bg4 14.Bd2 Rc8 15.Qd3 Qb6
16.b4 f6 17.Rfc1 Rfd8 18.Qb3+ Kf8 19.Bf1 Na5 20.bxa5 Qxb3 21.cxb3 Bxf3 22.Bg2 Bxg2
23.Kxg2 h5 24.Kf3 Kf7 25.b4 Ke6 26.Ke2 g5 27.Rxc8 Rxc8 28.Rh1 Rh8 29.f3 a6
30.Kd3 Bd8 31.a4 Be7 32.b5 Bd8 33.Rb1 gxh4 34.gxh4 Rg8 35.bxa6 bxa6 36.Rb8 Kd7
37.Ra8 Rg3 38.Ra7+ Bc7 39.Rxa6 Rxf3+ 40.Kc4 Rf2 41.Bb4 Rc2+ 42.Kb5 d3 43.Rxf6 d2
44.Rf1 Bd6 45.a6 Bxb4 46.a7 Rc1 47.a8=Q Rxf1 48.Qd5+ Ke7 49.Qxe5+ Kf8 50.Qh8+ Ke7
51.Qe5+ Kf8 52.Qh8+ Ke7 53.Qe5+  1/2-1/2

[Event "Madrid"]
[Site "Madrid"]
[Date "1996.??.??"]
[Round "1"]
[White "Azmaiparashvili, Zurab"]
[Black "Morozevich, Alexander"]
[Result "1/2-1/2"]
[WhiteElo "2660"]
[BlackElo "2625"]

1.Nf3 Nf6 2.c4 e6 3.d4 d5 4.Nc3 dxc4 5.e4 Bb4 6.Bg5 c5 7.Bxc4 cxd4 8.Nxd4 Bd7
9.O-O Nc6 10.Rc1 a6 11.a3 Be7 12.Nf3 Ng4 13.Bxe7 Qxe7 14.Qe2 Qf6 15.Rcd1 h5
16.h3 Nce5 17.Nxe5 Qxe5 18.g3 Nf6 19.Qe3 h4 20.g4 g5 21.Rfe1 Bc6 22.Bd5 Rc8
23.Bxc6+ Rxc6 24.Qa7 O-O 25.Qxb7 Rfc8 26.Nd5 Kg7 27.Nb4 Rc4 28.Nd3 Qa5 29.Nb4 Qe5
30.Nd3 Qa5 31.Nb4 Qe5  1/2-1/2

[Event "Madrid"]
[Site "Madrid"]
[Date "1996.??.??"]
[Round "2"]
[White "Morozevich, Alexander"]
[Black "Adams, Michael"]
[Result "1/2-1/2"]
[WhiteElo "2625"]
[BlackElo "2660"]

1.e4 c6 2.d4 d5 3.Nd2 dxe4 4.Nxe4 Nd7 5.Bc4 Ngf6 6.Nxf6+ Nxf6 7.c3 Qc7 8.Ne2 e6
9.Qd3 b6 10.Bf4 Bd6 11.Qg3 Bxf4 12.Nxf4 Bb7 13.a4 a5 14.Rd1 Ne4 15.Qe3 Nf6
16.O-O O-O 17.Rfe1 Rfe8 18.Qe5 Rac8 19.Rd3 Nd5 20.Nh5 f6 21.Qg3 Qf7 22.Qh4 Kh8
23.Rf3 c5 24.dxc5 Rxc5 25.Ng3 g5 26.Qd4 Nf4 27.Ne4 Bxe4 28.Rxe4 Qf8 29.Bf1 e5
30.Qd1 f5 31.Re1 Rd8 32.Qc1 e4 33.Rg3 h6 34.Rge3 Rcd5 35.f3 Rd2 36.fxe4 fxe4
37.Kh1 Qc5 38.b4 Qxe3 39.Rxe3 Rd1 40.Qxd1 Rxd1 41.Kg1 Nd5 42.Rxe4 Nxc3 43.Re8+ Kg7
44.bxa5 bxa5 45.Re5 Nxa4  1/2-1/2

[Event "Madrid"]
[Site "Madrid"]
[Date "1996.??.??"]
[Round "7"]
[White "Illescas Cordoba, Miguel"]
[Black "Morozevich, Alexander"]
[Result "1-0"]
[WhiteElo "2635"]
[BlackElo "2625"]

1.d4 Nf6 2.c4 e6 3.Nc3 Bb4 4.e3 O-O 5.Ne2 d5 6.a3 Bd6 7.c5 Be7 8.b4 c6 9.Ng3 b6
10.Bd2 bxc5 11.bxc5 e5 12.Be2 g6 13.O-O h5 14.dxe5 Ng4 15.Bxg4 Bxg4 16.f3 Bd7
17.f4 Qc8 18.e4 d4 19.f5 dxc3 20.Bxc3 Na6 21.Nxh5 Nxc5 22.Nf6+ Bxf6 23.exf6 Bxf5
24.exf5 Ne4 25.Qc1 g5 26.Qd1 Nxc3 27.Qh5 Ne4 28.Qh6 Nxf6 29.Qxg5+ Kh7 30.Rf3  1-0

[Event "Moscow PCA qual"]
[Site "Moscow"]
[Date "1996.??.??"]
[Round "4"]
[White "Rublevsky, Sergei"]
[Black "Morozevich, Alexander"]
[Result "1/2-1/2"]
[WhiteElo "2610"]
[BlackElo "2625"]

1.e4 Nf6 2.e5 Nd5 3.d4 d6 4.Nf3 Nc6 5.c4 Nb6 6.exd6 exd6 7.Be2 Be7 8.d5 Ne5
9.Nxe5 dxe5 10.O-O O-O 11.Nc3 f5 12.f4 Bc5+ 13.Kh1 e4 14.Rb1 a5 15.b3 Bd7
16.Qc2 Qe7 17.Nd1 c6 18.dxc6 Bxc6 19.Be3 Rfd8 20.Qc3 Rd7 21.Bxc5 Qxc5 22.Qe3 Qxe3
23.Nxe3 Rd2 24.Rfe1 g6 25.a3 Nd7 26.b4 axb4 27.axb4 b6 28.Kg1 Kf8 29.Kf2 Raa2
30.Rbd1 Ke7 31.Rxd2 Rxd2 32.Ra1 Rb2 33.b5 Bb7 34.Ra7 Nc5 35.Nd5+ Kd6 36.Nxb6 Rb3
37.Ra1 e3+ 38.Kf1 Kc7 39.Nd5+ Bxd5 40.cxd5 Kd6 41.Bf3 Rxb5 42.Ke2 Rb3 43.Ra8 Rc3
44.Re8 Nb3 45.Re6+ Kd7 46.Rxe3 Nd4+ 47.Kf2 Rc2+ 48.Kg3 Rd2 49.Ra3 Nxf3 50.Kxf3 Rxd5
51.Ra7+ Ke6 52.Rxh7 Rd3+ 53.Kf2 Kf6 54.Ra7 Rb3 55.Ra6+ Kf7 56.Rd6  1/2-1/2

[Event "Moscow PCA qual"]
[Site "Moscow"]
[Date "1996.??.??"]
[Round "6"]
[White "Svidler, Peter"]
[Black "Morozevich, Alexander"]
[Result "0-1"]
[WhiteElo "2630"]
[BlackElo "2625"]

1.e4 e5 2.Nf3 Nc6 3.Bb5 a6 4.Ba4 Nf6 5.O-O Be7 6.Re1 b5 7.Bb3 d6 8.c3 O-O
9.h3 Bb7 10.d4 Re8 11.Nbd2 Bf8 12.a4 h6 13.d5 Nb8 14.c4 bxc4 15.Nxc4 c6 16.dxc6 Bxc6
17.Qc2 Qc7 18.Bd2 Nbd7 19.Na5 Nc5 20.Nxc6 Nxb3 21.Qxb3 Qxc6 22.Qd3 Qb7 23.Bc3 d5
24.Nxe5 dxe4 25.Qe2 Re6 26.Rad1 Rae8 27.f4 exf3 28.Qxf3 Qb3 29.a5 Bb4 30.Nd3 Bxc3
31.bxc3 Qxc3 32.Rxe6 Rxe6 33.Rc1 Qxa5 34.Rc8+ Kh7 35.Nc5 Re1+ 36.Kh2 Qa1
37.Nd3 Rh1+ 38.Kg3 Rf1 39.Qe2 g6 40.Nf2 Re1  0-1

[Event "Moscow PCA qual"]
[Site "Moscow"]
[Date "1996.??.??"]
[Round "8"]
[White "Dreev, Alexey"]
[Black "Morozevich, Alexander"]
[Result "1-0"]
[WhiteElo "2670"]
[BlackElo "2625"]

1.d4 Nf6 2.c4 e6 3.Nf3 d5 4.Nc3 dxc4 5.e4 Bb4 6.Bg5 c5 7.e5 cxd4 8.Nxd4 Qa5
9.exf6 Bxc3+ 10.bxc3 Qxg5 11.fxg7 Qxg7 12.Qd2 O-O 13.Bxc4 Bd7 14.O-O Rc8
15.Bb3 Rc5 16.f4 Nc6 17.Rad1 Rc8 18.Rf3 Ne7 19.Rg3 Ng6 20.Nf3 Be8 21.Ne5 a5
22.h4 Qh6 23.Qf2 Kf8 24.Rg5 Rxc3 25.Nxg6+ hxg6 26.Rxa5 b5 27.Ra6 Qh5 28.Rad6 Qg4
29.R6d4 R8c7 30.Rd8 Rg3 31.Qd2 Re7 32.Rc1 e5 33.fxe5 Kg7 34.e6 fxe6 35.Rxe8 Rxe8
36.Rc7+ Kf6 37.Qb2+ Kf5 38.Bc2+  1-0

[Event "RUS-Cup6"]
[Site "Krasnodar"]
[Date "1997.03.14"]
[Round "4"]
[White "Giorgadze, Giorgi"]
[Black "Morozevich, Alexander"]
[Result "1/2-1/2"]
[WhiteElo "2595"]
[BlackElo "2595"]

1.d4 Nf6 2.c4 e6 3.Nc3 Bb4 4.e3 O-O 5.Ne2 d5 6.a3 Bd6 7.c5 Be7 8.b4 c6 9.Ng3 b6
10.Be2 Nbd7 11.O-O g6 12.f4 Ne8 13.Nh1 Bf6 14.Bd2 Nc7 15.Nf2 Bg7 16.Qc2 Bb7
17.Nd3  1/2-1/2

[Event "RUS-Cup6"]
[Site "Krasnodar"]
[Date "1997.03.15"]
[Round "5"]
[White "Morozevich, Alexander"]
[Black "Fedorov, Alexei"]
[Result "0-1"]
[WhiteElo "2595"]
[BlackElo "2580"]

1.e4 c5 2.Nf3 d6 3.d4 cxd4 4.Nxd4 Nf6 5.Nc3 g6 6.Be3 Bg7 7.f3 O-O 8.Qd2 Nc6
9.O-O-O Bd7 10.g4 Rc8 11.h4 Ne5 12.h5 Qa5 13.Nb3 Qc7 14.Be2 b5 15.hxg6 fxg6
16.Kb1 b4 17.Nd5 Nxd5 18.Qxd5+ e6 19.Qd2 Nxf3 20.Bxf3 Rxf3 21.Bh6 Bxh6 22.Rxh6 Bc6
23.Qxb4 Rf4 24.Ka1 Bxe4 25.c3 e5 26.Qa3 Rcf8 27.Nd2 Bc2  0-1

[Event "RUS-Cup6"]
[Site "Krasnodar"]
[Date "1997.03.19"]
[Round "9"]
[White "Morozevich, Alexander"]
[Black "Dolmatov, Sergey"]
[Result "0-1"]
[WhiteElo "2595"]
[BlackElo "2560"]

1.e4 e6 2.Qe2 c5 3.g3 Nc6 4.c3 g6 5.Bg2 Bg7 6.f4 Nge7 7.Nf3 d6 8.O-O O-O
9.d3 b5 10.Be3 b4 11.Rc1 bxc3 12.bxc3 Ba6 13.Nbd2 Rb8 14.Bf1 Qd7 15.Nb3 e5
16.f5 gxf5 17.Bh3 Qe8 18.exf5 e4 19.Ng5 Nd5 20.Nxe4 Qxe4 21.dxe4 Bxe2 22.exd5 Ne5
23.Bg2 Rfe8 24.Bf4 Rb6 25.Bg5 h6 26.Bh4 Nd7 27.h3 h5 28.Bf1 Bxf1 29.Kxf1 Re5
30.Bd8 Rxf5+ 31.Kg2 Rb7 32.Rc2 Nf6 33.Na5 Nxd5 34.Re1 Rd7 35.Re8+ Kh7 36.Nc4 Nxc3
37.Ba5 Nb5 38.Rd2 Nd4 39.Bc3 d5 40.Ne3 Re5 41.Rxe5 Bxe5 42.Bxd4 Bxd4 43.Nf5 Bc3
44.Rd1 d4 45.Kf3 d3 46.Ne3 Kg6 47.Nc4 Kf5 48.Rc1 Bb4 49.a3 d2 50.Rd1 Bc3
51.Ne3+ Ke5 52.Ke2 Ke4 53.Rb1 Rd3 54.Nd1 Rxg3 55.Rb7 Rg2+ 56.Kf1 Rh2 57.Kg1 Re2
58.Nxc3+ Kd3 59.Kf1 Re1+  0-1

[Event "RUS-ch m3-4"]
[Site "Elista"]
[Date "1997.05.24"]
[Round "2.3"]
[White "Korneev, Oleg"]
[Black "Morozevich, Alexander"]
[Result "1/2-1/2"]
[WhiteElo "2590"]
[BlackElo "2595"]

1.e4 e6 2.d4 d5 3.Nd2 dxe4 4.Nxe4 Nd7 5.Nf3 Ngf6 6.Nxf6+ Nxf6 7.c3 c5 8.Be3 Qc7
9.Bb5+ Bd7 10.Bxd7+ Nxd7 11.O-O Bd6 12.dxc5 Bxc5 13.Bxc5 Nxc5 14.Qe2  1/2-1/2

[Event "RUS-Cup9"]
[Site "Novgorod"]
[Date "1997.06.11"]
[Round "1"]
[White "Doroshkievich, Vladimir K"]
[Black "Morozevich, Alexander"]
[Result "1/2-1/2"]
[WhiteElo "2385"]
[BlackElo "2595"]

1.d4 Nf6 2.c4 e6 3.Nc3 Bb4 4.Qc2 d5 5.cxd5 exd5 6.Bg5 h6 7.Bxf6 Qxf6 8.a3 Bxc3+
9.Qxc3 O-O 10.e3 Bf5 11.Ne2 Rc8 12.Nf4 c6 13.Be2 Nd7 14.O-O Qe7 15.Qb4 Qd8
16.Qxb7 Rab8 17.Qa6 Rxb2 18.Bd3 Be4 19.Bxe4 dxe4 20.Rac1 Rc7 21.d5 cxd5 22.Qd6 Rxc1
23.Rxc1 Rb6 24.Qxd5 Qe8 25.h3 Nf6 26.Qf5 Rc6 27.Rd1 g6 28.Qa5 Qe7 29.a4 Kg7
30.Qd2 Rc4 31.Qa5 Rc5 32.Qb4 Qc7 33.g3 Qc6 34.Rd4 a5 35.Qd2 Qb7 36.Ne2 Qc8
37.Rd8 Qc7 38.Qd6 Qxd6 39.Rxd6 Nd5 40.Ra6 Nb4 41.Ra7 Nd3 42.g4 Kf6 43.Kf1 h5
44.Ng3 Re5 45.gxh5 gxh5 46.Rd7 h4 47.Nxe4+ Rxe4 48.Rxd3 Rxa4 49.Rd5 Ra2  1/2-1/2

[Event "RUS-Cup9"]
[Site "Novgorod"]
[Date "1997.06.15"]
[Round "4"]
[White "Morozevich, Alexander"]
[Black "Shchukin, Dmitry"]
[Result "1-0"]
[WhiteElo "2595"]
[BlackElo "2310"]

1.e4 c5 2.Nf3 e6 3.d3 Nc6 4.g3 d5 5.Qe2 Nge7 6.Bg2 dxe4 7.dxe4 Nd4 8.Nxd4 cxd4
9.e5 Bd7 10.O-O Bc6 11.Bxc6+ Nxc6 12.Qe4 Qa5 13.Bf4 Rd8 14.a3 Be7 15.Re1 g5
16.Bd2 Qd5 17.f4 gxf4 18.Bxf4 h5 19.Nd2 h4 20.Nf3 hxg3 21.Bxg3 Rh5 22.Rad1 Rf5
23.Rd3 Qxe4 24.Rxe4 Rd5 25.Kg2 Rc5 26.Re2 Rb5 27.Rb3 Rxb3 28.cxb3 Bg5 29.Nxg5 Rxg5
30.Kf3 Rf5+ 31.Ke4 f6 32.exf6 Rxf6 33.b4 a6 34.Rc2 Rg6 35.Rc5 Kd7 36.b5 axb5
37.Rxb5 Kc8 38.Rc5 e5 39.b4 b6 40.Rc1 b5 41.Rc5 Kd7 42.Rxb5 Rd6 43.Rd5 Rxd5
44.Kxd5 d3 45.Be1 Nd4 46.Ke4 Nc2 47.Bc3 Nxa3 48.Kxd3 Ke6 49.Bb2 Nb5 50.Kc4 Nd6+
51.Kc5 e4 52.Kd4 Kf5 53.Bc1 Nb5+ 54.Kc4 Nd6+ 55.Kc5 Nf7 56.Kd5 Ne5 57.b5 Nd7
58.Be3 Nf6+ 59.Kc6 Ng4 60.b6 Ne5+ 61.Kc7 Nd3 62.b7 Nb4 63.Kb6 Nd5+ 64.Kc6  1-0

[Event "Wch U20"]
[Site "Zagan"]
[Date "1997.07.15"]
[Round "2"]
[White "Vajda, Levente"]
[Black "Morozevich, Alexander"]
[Result "1/2-1/2"]
[WhiteElo "2445"]
[BlackElo "2590"]

1.e4 g6 2.d4 Bg7 3.Nc3 d6 4.Nge2 Nf6 5.g3 O-O 6.Bg2 e5 7.h3 c6 8.a4 a5 9.Be3 Na6
10.O-O Nb4 11.Qd2 Be6 12.f4 Bc4 13.b3 Ba6 14.Rad1 Nh5 15.dxe5 dxe5 16.Qc1 Qe7
17.Rf2 Nxg3 18.Nxg3 exf4 19.Bxf4 Bxc3 20.Bd6 Qh4 21.Qe3 Bg7 22.Bxf8 Rxf8
23.c3 Be5 24.Nf1 Bxf1 25.Bxf1 Na6 26.Bc4 Kh8 27.Bxf7 Qe7 28.Bc4 Rxf2 29.Qxf2 Nc5
30.Rf1 Bxc3 31.Qf8+ Qxf8 32.Rxf8+ Kg7 33.Rf7+ Kh6 34.Re7 b5 35.axb5 cxb5
36.Bxb5 Nxb3 37.Bc4 Nd2 38.Bg8 Nf3+ 39.Kg2 Ne5 40.h4 Kh5 41.Kh3 g5 42.Rxh7+ Kg6
43.h5+ Kf6 44.Rc7 g4+ 45.Kg2 Bd2 46.Bb3 Be3 47.Rb7 Kg5 48.Rb5 Bd4 49.Kg3 Kxh5
50.Bd1 Kg5 51.Bxg4 Bc3 52.Be6 Be1+ 53.Kg2 Kf4 54.Bd5 Bb4 55.Kf2 Nd3+ 56.Ke2 Nc5
57.Rb8 Nxe4 58.Kd3 Nd6 59.Rh8 Nf5 60.Be4 Nd6 61.Bd5 Nf5 62.Be4  1/2-1/2

[Event "Wch U20"]
[Site "Zagan"]
[Date "1997.07.16"]
[Round "3"]
[White "Morozevich, Alexander"]
[Black "Florean, Andrei"]
[Result "1/2-1/2"]
[WhiteElo "2590"]
[BlackElo "2445"]

1.e4 c5 2.Nf3 d6 3.Bc4 e6 4.O-O Nf6 5.d3 Nc6 6.Bb3 Be7 7.c3 Rb8 8.Re1 b5
9.d4 O-O 10.Bf4 Nd7 11.Nbd2 e5 12.Be3 exd4 13.cxd4 Nb4 14.Nf1 c4 15.Bc2 Nxc2
16.Qxc2 d5 17.Bf4 Rb6 18.a4 dxe4 19.Qxe4 Bb4 20.Bd2 Bb7 21.Qf5 Bxd2 22.N1xd2 a6
23.axb5 Rxb5 24.Qc2 Nb6 25.Ne4 a5 26.Rad1 f6 27.Re3 Rb4 28.Nc5 Bxf3 29.gxf3 Nd5
30.Re4 f5 31.Ne6 Qd6 32.Re5 Rf6 33.Rde1 h6 34.Qe2 Kh7 35.f4 Rg6+ 36.Kf1 c3
37.b3 Nc7 38.d5 Rxb3 39.Qc4 Rb7 40.Rxf5 Nxe6 41.dxe6 Rb4 42.Rd5 Qxe6 43.Qd3 Qa6
44.Rc1 Rxf4 45.Qxa6 Rxa6 46.Rxc3 Ra4 47.Rd7 Ra1+ 48.Kg2 Rg6+ 49.Rg3 a4 50.Ra7 Ra2
51.h4 Rxg3+ 52.Kxg3 Ra3+ 53.Kg4 Ra1 54.Ra6 a3 55.Kg3 Kg8 56.Ra7 Kf8 57.Kg2 a2
58.Kh2 Ke8 59.Kg2 Kd8 60.Kh2 Kc8 61.Kg2 Kb8 62.Ra4 Kb7 63.Ra3 Kb6 64.Ra4 Kc5
65.Ra7 Kd5 66.Ra8 Ke5 67.Ra5+ Ke4 68.Ra4+ Kf5 69.Kh2 Ke5  1/2-1/2

[Event "Wch U20"]
[Site "Zagan"]
[Date "1997.07.21"]
[Round "7"]
[White "Dao Thien Hai"]
[Black "Morozevich, Alexander"]
[Result "1-0"]
[WhiteElo "2525"]
[BlackElo "2590"]

1.d4 d5 2.c4 c6 3.Nf3 Nf6 4.Nc3 dxc4 5.a4 Bf5 6.e3 e6 7.Bxc4 Bb4 8.O-O Nbd7
9.Qe2 Bg6 10.e4 O-O 11.Bd3 Qa5 12.Bf4 c5 13.Nb5 a6 14.Bc7 b6 15.Na3 cxd4
16.Nxd4 Bh5 17.Nf3 Be7 18.Rfc1 Rfc8 19.Nc4 Qb4 20.Bf4 b5 21.Bd2 Qb3 22.Rc3 bxc4
23.Rxb3 cxb3 24.e5 Nd5 25.Bxa6 Rc7 26.Bc4 Nc5 27.a5 h6 28.h3 Rb8 29.a6 Ra8
30.g4 Bg6 31.Nd4 Bg5 32.Bxg5 hxg5 33.Bxd5 exd5 34.Qe3 Nd3 35.Qxg5 Rc4 36.Qe3 Nxb2
37.Qxb3 Nd3 38.a7 Rxd4 39.Qb8+ Rxb8 40.axb8=Q+ Kh7 41.Ra8 Kh6 42.Qd8  1-0

[Event "Wch U20"]
[Site "Zagan"]
[Date "1997.07.23"]
[Round "9"]
[White "Banikas, Hristos"]
[Black "Morozevich, Alexander"]
[Result "1-0"]
[WhiteElo "2450"]
[BlackElo "2590"]

1.d4 Nf6 2.c4 e6 3.Nf3 d5 4.Nc3 dxc4 5.e3 a6 6.Bxc4 b5 7.Bd3 Bb7 8.a3 c5
9.dxc5 Bxc5 10.b4 Be7 11.O-O Nbd7 12.Bb2 O-O 13.Rc1 Rc8 14.e4 Nb6 15.Qe2 Nc4
16.Bxc4 Rxc4 17.Ne5 Rc7 18.Rfd1 Qc8 19.f3 Rd8 20.Qe3 Ne8 21.Rxd8 Qxd8 22.Rd1 Qc8
23.Nb1 h6 24.Nd3 Rc2 25.Bd4 Bg5 26.f4 Be7 27.Bc5 Bf6 28.Ne1 Ra2 29.e5 Bh4
30.Qb3 Re2 31.Nf3 g5 32.Qd3 Ra2 33.fxg5 hxg5 34.Nc3 Rxa3 35.Nxh4 gxh4 36.Qd2 Ng7
37.Qg5 Rxc3 38.Rd8+ Qxd8 39.Qxd8+ Kh7 40.Qxh4+ Kg8 41.Qd8+ Kh7 42.Qd2 Rc4
43.h3 Be4 44.g4 a5 45.Be7 a4 46.Qe3 Bg6 47.Qg3 Rd4 48.Kf2 Re4 49.Bf6 Rc4
50.Qe3 Ne8 51.Kg3 Nxf6 52.exf6 e5 53.Qg5 Rc3+ 54.Kg2 Rc2+ 55.Kg1 Rc6 56.Qh4+ Kg8
57.g5  1-0

[Event "Wch U20"]
[Site "Zagan"]
[Date "1997.07.25"]
[Round "11"]
[White "Morozevich, Alexander"]
[Black "Ivanisevic, Ivan"]
[Result "1/2-1/2"]
[WhiteElo "2590"]
[BlackElo "2540"]

1.e4 c5 2.Nf3 Nc6 3.Bb5 g6 4.Bxc6 dxc6 5.d3 Bg4 6.h3 Bxf3 7.Qxf3 Bg7 8.O-O Nf6
9.Nc3 Qc7 10.Qd1 e5 11.f4 exf4 12.Bxf4 Qe7 13.Qd2 Nd7 14.Bh6 O-O 15.Bxg7 Kxg7
16.Rf4 Ne5 17.Raf1 f6 18.Ne2 Qe6 19.b3 Rf7 20.Qe3 b6 21.Kh1 a5 22.a4 h5 23.R4f2 Rh8
24.d4 cxd4 25.Qxd4 Rb8 26.Nf4 Qe7 27.Rd2 b5 28.axb5 Rxb5 29.Qd6 Qxd6 30.Rxd6 Kf8
31.Rfd1 Rb4 32.Ne6+ Kg8 33.R1d4 Re7 34.Rxb4 axb4 35.Nc5 Kg7 36.Rd4 Ra7 37.Na4 Rb7
38.Kg1 Rb5 39.Kf2 Kf7 40.Ke3 Ke7 41.Rd2 Nd7 42.Kd4 Re5 43.Nb2 c5+ 44.Kd3 Nb6
45.Rf2 Ke6 46.h4  1/2-1/2

[Event "Wch U20"]
[Site "Zagan"]
[Date "1997.07.26"]
[Round "12"]
[White "Shaked, Tal"]
[Black "Morozevich, Alexander"]
[Result "1-0"]
[WhiteElo "2500"]
[BlackElo "2590"]

1.d4 d5 2.c4 c6 3.Nc3 e5 4.e3 e4 5.Qb3 Nf6 6.Bd2 Be7 7.Nh3 b6 8.cxd5 cxd5
9.Nf4 Bb7 10.Bb5+ Kf8 11.Be2 g6 12.f3 Nc6 13.fxe4 Na5 14.Qd1 dxe4 15.O-O Kg7
16.Rc1 Rc8 17.Nb5 a6 18.Na3 Rxc1 19.Qxc1 b5 20.Qe1 Nc6 21.Bd1 Qd6 22.Bb3 Nb4
23.Nb1 Nbd5 24.Nc3 Nb6 25.a3 Rc8 26.Qe2 Nc4 27.Be1 Qd7 28.h3 Ne8 29.a4 Ned6
30.axb5 axb5 31.Ncd5 Bd8 32.g4 Kg8 33.Nc3 Bc6 34.Na2 Na5 35.Bc2 b4 36.Nxb4 Bb5
37.Qf2 Bxf1 38.Qxf1 Nac4 39.Nfd5 f5 40.gxf5 Qxf5 41.Qxf5 gxf5 42.Bc3 Bh4
43.Ba4 Kh8 44.Nc2 h6 45.Kf1 Rb8 46.b3 Nb6 47.Nxb6 Rxb6 48.d5+ Kh7 49.Bd4 Rb7
50.Bc5 Bg3 51.Nd4 Rf7 52.Ke2 f4 53.exf4 Bxf4 54.b4 Bg3 55.Ne6 Rf5 56.Bc6 Nc4
57.d6 Nxd6 58.Bxd6 Bxd6 59.Bxe4 Bxb4 60.Bxf5+ Kh8 61.Kf3 h5 62.Kg3 Be1+ 63.Kf4 h4
64.Kg5 Kg8 65.Kg6 Bf2 66.Be4 Be1 67.Bc6 Bf2 68.Be8 Be1 69.Bf7+ Kh8 70.Nd4 Bf2
71.Nf5 Be1 72.Bc4 Bf2 73.Kf7 Be1 74.Bd3 Bf2 75.Ne7 Bc5 76.Ng6+ Kh7 77.Nxh4+ Kh8
78.Kg6 Kg8 79.Nf5 Bf2 80.h4 Bxh4 81.Nxh4 Kf8 82.Kf6 Kg8 83.Nf3 Kf8 84.Ne5 Kg8
85.Nf7 Kf8 86.Bh7 Ke8 87.Ne5 Kd8 88.Ke6 Kc7 89.Nd7 Kc6 90.Bd3 Kc7 91.Be4 Kd8
92.Kd6 Ke8 93.Bd5 Kd8 94.Bf7 Kc8 95.Nc5  1-0